000 00878nam a2200265 i 4500
001 000021714
003 DO-SdBNP
005 20250902123654.0
007 ta
008 100910s2012 dr 000 0 spa d
020 _a9789945005400
040 _aDO-SdBNP
_bspa
_cBNPHU
_erda
082 4 _aRD863.44
_bC422g
_222
100 1 _aCéspedes, Manuel,
_d1949-
_eautor
_4aut.
_945153
_qVíctor Manuel Grimaldi Céspedes
245 1 3 _aLa guerra de Pichirilo :
_bde Montecasino a Santo Domingo /
_cManuel Céspedes.
264 1 _aSanto Domingo :
_bEditora Corripio,
_c2012.
300 _a113 páginas ;
_c23 cm.
336 _atexto
_btxt
_2rdacontent
337 _asin mediación
_bn
_2rdamedia
338 _avolumen
_bnc
_2rdacarrier
590 _aInventariado, 2025/BT
650 7 _aNovela histórica dominicana
_2LEMB
_9860
650 7 _aLiteratura dominicana
_2LEMB
942 _2ddc
_cLBS1
999 _c21213
_d21213